00680nam a2200205 a 450000500170000000800410001701000170005802000220007502000250009703500170012203700600013904000180019908200110021710000220022824500460025026000440029627000810034030000280042149000250044920070430101053.0061121s2007 ii a b 001 0 eng  aB-279228-238 a812881477Xc60.00 a9788128814778c60.00 aB-279228-238 bDiamond Pocket Books/DPB-918/30.5.08/48/16.5.08/11.7.08 adplbEnglish  a787.82 aChaturvedi, Mamta aHow to play Sitar /cby Mamta Chaturvedi aNew Delhi bDiamond Pocket Books c2007 aX-30, Okhla Industrial Area, Phase-II, New Delhi-110020bNew Delhi e110020 a80p;bill.c22 cm (pbk) aA.H.W. Sameer Series